000 00292nam a2200109Ia 4500
008 201217s9999 xx 000 0 und d
100 _aCheng, Philip C.
245 0 _aFinancial Management in the Shipping Industry
260 _aCentreville
_bCornell Maritime Press
300 _a360
942 _cBK
999 _c7683
_d7683